| 000 | 00583nam a22001937a 4500 | ||
|---|---|---|---|
| 999 |
_c7206 _d7206 |
||
| 003 | OSt | ||
| 005 | 20210909140541.0 | ||
| 008 | 210909b ||||| |||| 00| 0 eng d | ||
| 020 | _a9780749223755 | ||
| 040 | _cDDC | ||
| 082 | _a540ENV2007 | ||
| 100 |
_aThe Open University _914817 |
||
| 245 |
_aEnvironmental Control and Public health _bBlock 0 Preparing for T210:chemistry _cEdited by The Open University |
||
| 260 |
_aUK _bThe Open University _c2007 |
||
| 300 |
_a95p; _bill; _c26cm |
||
| 504 | _aIncludes; references and index. | ||
| 650 |
_aChemistry _9797 |
||
| 942 |
_2ddc _cO_SHELF |
||